000 00712nam a22002177a 4500
999 _c72138
_d72138
005 20230529161734.0
008 121213t xxu||||| |||| 00| 0 eng d
010 _aENG-106429 ENG-137071
020 _a9788183243582
_c250.00
035 _aEN-89962 EN-120603
037 _bDBAD/PUB
040 _aDPL
_bEng
082 _a823.09
100 _954274
_aIbempishak Devi, W.
245 _aTo sir with love and national curriculum /
_cby W. Ibempishak Devi ; foreworded by L. Raghumani Singh
260 _aNew Delhi
_bMittal Publications
_c2012
270 _a4594/9 Daryaganj
_bNew Delhi
_e110002
300 _ax,72p.
_c22cm(Hb)
500 _aIncludes index
942 _2ddc
_cEN
_h823.09
_mIBE